Administración de empresas públicas (Registro nro. 4220)

Detalles MARC
000 -LEADER
fixed length control field 02327 a2200241 4500
001 - CONTROL NUMBER
control field 46651
005 - DATE AND TIME OF LATEST TRANSACTION
control field 20260407155736.0
008 - FIXED-LENGTH DATA ELEMENTS--GENERAL INFORMATION
fixed length control field 260407a1979 arg spa d
003 - CONTROL NUMBER IDENTIFIER
control field AR-UNSa-BCEJYS
040 ## - CATALOGING SOURCE
Original cataloging agency AR-UNSa-BCEJYS
Language of cataloging spa
Transcribing agency AR-UNSa-BCEJYS
080 ## - UNIVERSAL DECIMAL CLASSIFICATION NUMBER
Universal Decimal Classification number 658.115
Common auxiliary subdivision Empresas públicas, estatales y nacionalizadas (Economía)
020 ## - INTERNATIONAL STANDARD BOOK NUMBER
International Standard Book Number 958-18-1155-0
041 ## - LANGUAGE CODE
Language code of text/sound track or separate title spa
100 1# - MAIN ENTRY--PERSONAL NAME
Personal name Escuela Interamericana de Administración Pública
245 10 - TITLE STATEMENT
Title Administración de empresas públicas
264 #1 - PRODUCTION, PUBLICATION, DISTRIBUTION, MANUFACTURE, AND COPYRIGHT NOTICE
Place of production, publication, distribution, manufacture México :
Name of producer, publisher, distributor, manufacturer Limusa
Date of production, publication, distribution, manufacture, or copyright notice 1979
300 ## - PHYSICAL DESCRIPTION
Extent 674 p.
Dimensions 23 cm.
505 ## - FORMATTED CONTENTS NOTE
Formatted contents note VOL. I : 1. los recursos humanos en la empresa pública / Diego Barañano – 2. La empresa pública : un análisis administrativos / Getulio P. Carvalho – 3. Teoría de sistemas aplicada a empresas públicas / Caio Marcio Marini Ferreira y Jorge Luiz de Barros Nóbrega – 4. La divisionalizacion como instrumento de descentralización / Armando Bergamini de Abreu – 5. Administración por objetivos en las empresas públicas / Christian Stephan – 6. La toma de decisiones en el sistema público : problemas principales y una introducción a la utilización de las técnicas de análisis de criterios múltiples / Christian Stephan y Paul F. Simas P. de Abreu – 7. Administración de materiales para empresas de servicios públicos – un enfoque sistemático / Gilson Luis Leal de Meireles – 8. Contabilidad gerencial en las empresas públicas / Claudio de Villemor Salgado – 9. Una revisión teórica del problema de la determinación de los precios en el sector de los servicios públicos / José Ferrer Vallés – 10. Formación de precios y equilibrio económico – factores determinantes del precio. Primera sección – 11. Factores determinantes del precio. Segunda sección – 12. Acumulación de capital y desarrollo económico. Primera sección – 13. Tarifas de energía eléctrica / José Carlos Forseto – 14. Modelo de simulación económico – financiera de la compañía paulista de fuerza y luz / Nelson Burgierman – 15. Estudios de casos en administración de empresas públicas – 16. Ejercicios sobre administración de empresas públicas. <br/>
590 ## - LOCAL NOTE (RLIN)
Local note niveau_biblio:m niveau_hierar:0
700 1# - ADDED ENTRY--PERSONAL NAME
Personal name Banco Interamericano de Desarrollo (BID)
700 1# - ADDED ENTRY--PERSONAL NAME
Personal name Fundación Getulio Vargas
942 ## - ADDED ENTRY ELEMENTS (KOHA)
Koha item type
Existencias
Withdrawn status Lost status Damaged status Not for loan Home library Current library Shelving location Date acquired Total checkouts Full call number Barcode Date last seen Price effective from Koha item type
        Biblioteca Prof. Eusebio Cleto del Rey Biblioteca Prof. Eusebio Cleto del Rey   07/04/2026   658.115 B213 v.1 L39879 07/04/2026 07/04/2026 Libro
        Biblioteca Prof. Eusebio Cleto del Rey Biblioteca Prof. Eusebio Cleto del Rey   07/04/2026   658.115 B213 v.1 L39880 07/04/2026 07/04/2026 Libro
        Biblioteca Prof. Eusebio Cleto del Rey Biblioteca Prof. Eusebio Cleto del Rey   07/04/2026   658.115 B213 v.1 L39066 07/04/2026 07/04/2026 Libro